A butterfly is patient / (Record no. 4471)
[ view plain ]
| 000 -LEADER | |
|---|---|
| fixed length control field | 01124cam a2200337 a 4500 |
| 001 - CONTROL NUMBER | |
| control field | 4471 |
| 003 - CONTROL NUMBER IDENTIFIER | |
| control field | FISKH |
| 005 - DATE AND TIME OF LATEST TRANSACTION | |
| control field | 20240911143714.0 |
| 008 - FIXED-LENGTH DATA ELEMENTS--GENERAL INFORMATION | |
| fixed length control field | 100302s2011 cauab j 000 0 eng |
| 010 ## - LIBRARY OF CONGRESS CONTROL NUMBER | |
| LC control number | 2010008548 |
| 020 ## - INTERNATIONAL STANDARD BOOK NUMBER | |
| International Standard Book Number | 9780811864794 (hbk.) |
| 020 ## - INTERNATIONAL STANDARD BOOK NUMBER | |
| International Standard Book Number | 9780545605465 |
| 020 ## - INTERNATIONAL STANDARD BOOK NUMBER | |
| International Standard Book Number | 0811864790 (hbk.) |
| 035 ## - SYSTEM CONTROL NUMBER | |
| System control number | (OCoLC)ocn550553921 |
| 040 ## - CATALOGING SOURCE | |
| Original cataloging agency | DNAL/DLC |
| Transcribing agency | DLC |
| Modifying agency | IG# |
| -- | VP@ |
| -- | YDXCP |
| -- | IK2 |
| -- | SINLB |
| -- | UKMGB |
| -- | EHH |
| -- | DLC |
| Language of cataloging | eng |
| 050 ## - LIBRARY OF CONGRESS CALL NUMBER | |
| Classification number | QL544.A87 |
| 082 ## - DEWEY DECIMAL CLASSIFICATION NUMBER | |
| Classification number | 595.78 |
| 100 1# - MAIN ENTRY--PERSONAL NAME | |
| Personal name | Aston, Dianna Hutts. |
| 245 12 - TITLE STATEMENT | |
| Title | A butterfly is patient / |
| Statement of responsibility, etc. | Dianna Aston ; [illustrated by] Sylvia Long. |
| 250 ## - EDITION STATEMENT | |
| Edition statement | First Scholastic printing, April 2013 |
| 260 ## - PUBLICATION, DISTRIBUTION, ETC. | |
| Place of publication, distribution, etc. | New York : |
| Name of publisher, distributor, etc. | Scholastic, |
| Date of publication, distribution, etc. | 2011 |
| 300 ## - PHYSICAL DESCRIPTION | |
| Extent | 28 unnumbered pages : |
| Other physical details | color illustrations ; |
| Dimensions | 25 cm |
| 520 ## - SUMMARY, ETC. | |
| Summary, etc. | Colorful illustrations and simple text describe the many characteristics of butterflies. |
| 521 1# - TARGET AUDIENCE NOTE | |
| Target audience note | 004-008. |
| 650 #0 - SUBJECT ADDED ENTRY--TOPICAL TERM | |
| Topical term or geographic name entry element | Butterflies |
| Form subdivision | Juvenile literature. |
| 650 #1 - SUBJECT ADDED ENTRY--TOPICAL TERM | |
| Topical term or geographic name entry element | Butterflies. |
| 700 1# - ADDED ENTRY--PERSONAL NAME | |
| Personal name | Long, Sylvia, |
| Relator term | illustrator |
| 906 ## - LOCAL DATA ELEMENT F, LDF (RLIN) | |
| a | 7 |
| b | cbc |
| c | orignew |
| d | 1 |
| e | ecip |
| f | 20 |
| g | y-gencatlg |
| 942 ## - ADDED ENTRY ELEMENTS (KOHA) | |
| Source of classification or shelving scheme | Dewey Decimal Classification |
| Koha item type | Books |
| Suppress in OPAC | No |
| Withdrawn status | Lost status | Source of classification or shelving scheme | Damaged status | Not for loan | Collection | Home library | Current library | Shelving location | Date acquired | Total Checkouts | Full call number | Barcode | Date last seen | Price effective from | Koha item type |
|---|---|---|---|---|---|---|---|---|---|---|---|---|---|---|---|
| Dewey Decimal Classification | Non-Fiction | Footprints International School Library Network Toul Kork Campus | Footprints International School Library Network Toul Kork Campus | A TK Campus, 4th Floor, Room B401, Non-Fiction Bookcases(7-8) | 09/11/2024 | AST 595.78 QL544.A87 | FISBK05943 | 09/11/2024 | 09/11/2024 | Books |
